000 00588nam a2200181Ia 4500
001 23883
005 20260414151007.0
008 260414t2019||||xx |||||||||||||| ||spa||
041 _aESP
082 _a720.47
_bD35M
100 _aDe Garrido, Luis
_eAUT
245 0 _aManual de arquitectura ecológica. Arquitectura y salud :
_betodología de diseño para realizar una arquitectura saludable y ecológica que garantice la salud y la longevidad de sus ocupantes
260 _c2019
300 _a249 páginas :
_c29 cm.
650 _aABD
654 _aCAU
942 _cLIB
_dJUS
_fJUS
_2ddc
_n
999 _c23883
_d23883